[Event "Oberwart op"]
[Site "Oberwart"]
[Date "1998.07.31"]
[Round "7"]
[White "Titz, Heimo"]
[Black "Badstueber, Karl"]
[Result "1-0"]
[WhiteElo "2305"]
[BlackElo "2145"]
[PlyCount "71"]
[EventDate "1998.07.25"]
[EventType "swiss"]
[EventRounds "9"]
[EventCountry "AUT"]
[SourceTitle "CBM 065 Extra"]
[Source "ChessBase"]
[SourceDate "1998.09.09"]
[SourceVersion "1"]
[SourceVersionDate "1998.09.09"]
[SourceQuality "1"]

1. c4 Nf6 2. Nc3 c5 3. g3 g6 4. Bg2 Bg7 5. Nf3 0-0 6. 0-0 Nc6 7. d4 cxd4 8. Nxd4 Nxd4 9. Qxd4 d6 10. Qd3 a6 11. Bd2 Bf5 12. e4 Be6 13. Rac1 Rc8 14. Nd5 Bxd5 15. cxd5 Qd7 16. b3 Rxc1 17. Rxc1 Rc8 18. Rc2 Ne8 19. h4 Rxc2 20. Qxc2 Qc7 21. Qxc7 Nxc7 22. Bh3 Bd4 23. Bc8 b6 24. Kf1 Kg7 25. Ke2 h6 26. Be1 e5 27. dxe6 fxe6 28. Kd3 e5 29. f4 h5 30. g4 hxg4 31. Bxg4 Bg1 32. f5 gxf5 33. Bxf5 Bh2 34. Bf2 d5 35. Bxb6 dxe4+ 36. Bxe4 1-0